К стратиграфии позднедокембрийских и кембрийских отложений района поселков Ефремкино и Малая Сыя (восточный склон Кузнецкого Алатау); Известия Томского политехнического института [Известия ТПИ]; Т. 196 : Геология, химия

Opis bibliograficzny
Parent link:Известия Томского политехнического института [Известия ТПИ]/ Томский политехнический институт (ТПИ).— , 1944-1976
Т. 196 : Геология, химия.— 1969.— [С. 40-47]
1. autor: Номоконов В. Е.
Streszczenie:Заглавие с титульного листа
Электронная версия печатной публикации
Język:rosyjski
Wydane: 1969
Hasła przedmiotowe:
Dostęp online:Черно-белая версия для предварительного просмотра
Цветная версия без потери качества
Format: Elektroniczne Rozdział
KOHA link:https://koha.lib.tpu.ru/cgi-bin/koha/opac-detail.pl?biblionumber=221878

MARC

LEADER 00000nla2a2200000 4500
001 221878
005 20231031195831.0
035 |a (RuTPU)RU\TPU\book\242059 
035 |a RU\TPU\book\242058 
090 |a 221878 
100 |a 20120915d1969 k y0rusy50 ca 
101 0 |a rus 
102 |a RU 
135 |a drnn ---uucaa 
181 0 |a i  
182 0 |a b 
200 1 |a К стратиграфии позднедокембрийских и кембрийских отложений района поселков Ефремкино и Малая Сыя (восточный склон Кузнецкого Алатау)  |b Электронный ресурс  |f В. Е. Номоконов 
203 |a Текст  |c электронный 
215 |a 2 файла (550 Кб, 14.9 Мб) 
230 |a Электронные текстовые данные (2 файла : 550 Кб, 14.9 Мб) 
300 |a Заглавие с титульного листа 
300 |a Электронная версия печатной публикации 
320 |a [Библиогр.: с. 47 (6 назв.)] 
337 |a Adobe Reader 
461 1 |0 (RuTPU)RU\TPU\book\200995  |t Известия Томского политехнического института [Известия ТПИ]  |f Томский политехнический институт (ТПИ)  |d 1944-1976 
463 1 |0 (RuTPU)RU\TPU\book\242048  |t Т. 196 : Геология, химия  |v [С. 40-47]  |d 1969  |p 196 с. 
610 1 |a электронный ресурс 
610 1 |a труды учёных ТПУ 
700 1 |a Номоконов  |b В. Е. 
801 1 |a RU  |b 63413507  |c 20090320  |g PSBO 
801 2 |a RU  |b 63413507  |c 20121107  |g PSBO 
856 4 |u http://www.lib.tpu.ru/fulltext/v/Bulletin_TPU/1969/v196/09_bw.pdf  |z Черно-белая версия для предварительного просмотра 
856 4 |u http://www.lib.tpu.ru/fulltext/v/Bulletin_TPU/1969/v196/09_full.pdf  |z Цветная версия без потери качества 
942 |c CF